| 000 | 00643nam a2200217 i 4500 | ||
|---|---|---|---|
| 001 | 9727 | ||
| 003 | ES-MaACL | ||
| 005 | 20250829034407.0 | ||
| 008 | 931130s1992 sp ||||1| spa d | ||
| 020 | _a84-86307-68-6 | ||
| 080 | _a8.08 | ||
| 100 | 1 |
_aMuñoz Molina, Antonio, _d1956- _984461 |
|
| 245 | 1 | 3 |
_aLa realidad de la ficción / _cAntonio Muñoz Molina. |
| 260 |
_aSevilla : _bRenacimiento, _c1992. |
||
| 300 |
_a81 cm ; _c22 cm. |
||
| 490 | 1 |
_aLos cuatro vientos ; _v6 |
|
| 650 | 1 | 4 |
_aCreación literaria. _911405 |
| 830 | 1 |
_aLos cuatro vientos ; _v6 _9180354 |
|
| 852 |
_aES-MaACL _jL-17248 |
||
| 999 |
_c9727 _d9727 |
||